LEADER 01091nam a2200277 i 4500 001 991002773469707536 005 20020503173220.0 008 010104s1966 it ||| | ita 035 $ab10412050-39ule_inst 035 $aEXGIL109531$9ExL 040 $aBiblioteca Interfacoltà$bita 082 0 $a123.5 100 1 $aSteiner, Rudolf$033031 245 13$aLa filosofia della libertà :$blinee fondamentali di una moderna concezione del mondo :$brisultati di osservazione animica secondo il metodo delle scienze naturali /$cRudolf Steiner 250 $a4. ed. /$ba cura di D. Vigevani 260 $aMilano :$bAntroposofica,$c1966 300 $a230 p. ;$c21 cm. 500 $aTit. orig.: Die philosophie der freiheit 650 4$aLibertà 700 1 $aVigevani, Dante 907 $a.b10412050$b02-04-14$c27-06-02 912 $a991002773469707536 945 $aLE002 Fil. XV H 13$g1$i2002000547095$lle002$o-$pE0.00$q-$rl$s- $t0$u0$v0$w0$x0$y.i10480134$z27-06-02 996 $aFilosofia della libertà$9193476 997 $aUNISALENTO 998 $ale002$b01-01-01$cm$da $e-$fita$git $h3$i1 LEADER 02151nas 2200673-a 450 001 996200641903316 005 20230125203230.0 011 $a1661-5867 035 $a(OCoLC)70164755 035 $a(CKB)1000000000221506 035 $a(CONSER)--2019204744 035 $a(DE-599)ZDB2233784-2 035 $a(EXLCZ)991000000000221506 100 $a20060623a20069999 s-- a 101 0 $aeng 135 $aurcn||||||||| 181 $ctxt$2rdacontent 182 $cc$2rdamedia 183 $acr$2rdacarrier 200 00$aJournal für Verbraucherschutz und Lebensmittelsicherheit 210 $aBasel $cBirkhäuser$d2006- 215 $aOnline resource 300 $aRefereed/Peer-reviewed 311 $a1661-5751 517 3 $aJournal of consumer protection and food safety 517 1 $aJVL 531 $aJ. VERBRAUCHERSCHUTZ LEBENSMITTELSICHERH 531 $aJ VERBRAUCH LEBENSM 531 $aJ. VERBRAUCH. LEBENSM 531 1 $aJ. Verbrauch.schutz Lebensm.sicherh. 606 $aFood$xSafety measures$vPeriodicals 606 $aConsumer protection$vPeriodicals 606 $aAliments$xSécurité$xMesures$vPériodiques 606 $aConsommateurs$xProtection$vPériodiques 606 $aConsumer protection$2fast$3(OCoLC)fst00876358 606 $aFood$xSafety measures$2fast$3(OCoLC)fst00930602 606 $aLebensmittel$2gnd 606 $aProduktsicherheit$2gnd 606 $aVerbraucherschutz$2gnd 608 $aPeriodical 608 $aRevistes electròniques. 608 $aperiodicals.$2aat 608 $aPeriodicals.$2fast 608 $aPeriodicals.$2lcgft 608 $aPériodiques.$2rvmgf 615 0$aFood$xSafety measures 615 0$aConsumer protection 615 6$aAliments$xSécurité$xMesures 615 6$aConsommateurs$xProtection 615 7$aConsumer protection. 615 7$aFood$xSafety measures. 615 7$aLebensmittel 615 7$aProduktsicherheit 615 7$aVerbraucherschutz 676 $a363.192 906 $aJOURNAL 912 $a996200641903316 996 $aJournal für Verbraucherschutz und Lebensmittelsicherheit$92262334 997 $aUNISA